书目信息 |
| 题名: |
建筑师(87)
|
|
| 作者: | <<建筑师>>编辑部 | |
| 分册: | ||
| 出版信息: | 北京 中国建筑工业出版社 1999.04 |
|
| 页数: | 112页 | |
| 开本: | 16开 | |
| 丛书名: | ||
| 单 册: | ||
| 中图分类: | ||
| 科图分类: | ||
| 主题词: | ||
| 电子资源: | ||
| ISBN: | 7-112-03844-8 | |
| 000 | 00517nam0 2200181 45 | |
| 001 | 9911091668 | |
| 005 | 20091102165925.45 | |
| 010 | @a7-112-03844-8@d18.00元 | |
| 100 | @a19991109d1999 km y0chiy0120 ea | |
| 101 | @achi | |
| 200 | 1 |
@a建筑师(87)@AJian Zhu Shi(87)@f<<建筑师>>编辑部@F< |
| 210 | @a北京@c中国建筑工业出版社@d1999.04 | |
| 215 | @a112页@d16开 | |
| 690 | @v3 | |
| 690 | @aTU-55 | |
| 701 | @a<<建筑师>>编辑部 | |
| 801 | @aCN@bPFTUser@c20091102 | |
| 905 | @f3@b43303-305@dTU-55@eJ:801:87 | |
| 建筑师(87)/<<建筑师>>编辑部.-北京:中国建筑工业出版社,1999.04 |
| 112页;16开 |
| ISBN 7-112-03844-8:18.00元 |
| ● |
| 相关链接 |
|
|
|
正题名:建筑师(87)
索取号:TU-55/J:801:87
 
预约/预借
| 序号 | 登录号 | 条形码 | 馆藏地/架位号 | 状态 | 备注 |
| 1 | 43303 | 200433030 | 自科二线404/404自科库 2排2列2层/ [索取号:TU-55/J:801:87] | 在馆 | |
| 2 | 43304 | 200433049 | 自科二线404/404自科库 2排2列2层/ [索取号:TU-55/J:801:87] | 在馆 | |
| 3 | 43305 | 200433058 | 自科二线404/404自科库 2排2列2层/ [索取号:TU-55/J:801:87] | 在馆 | |
| 4 | 48985 | 200489854 | 自科二线404/404自科库 2排2列2层/ [索取号:TU-55/J:801:87] | 在馆 | |
| 5 | 63959 | 200639595 | 自科二线404/404自科库 2排2列2层/ [索取号:TU-55/J:801:87] | 在馆 |